Statistics for 5 Groups of 5- Geography #4

Click here to take the quiz!

General Stats

  • This quiz has been taken 543 times
  • The average score is 21 of 25

Answer Stats

HintAnswer% Correct
Countries bordering Spain (land borders)France
100%
Countries bordering Spain (land borders)Portugal
100%
Countries bordering Spain (land borders)Andorra
97%
5 Largest Islands in the MediterraneanSicily
96%
US States bordering the Gulf of MexicoFlorida
93%
US States bordering the Gulf of MexicoTexas
91%
5 Largest Islands in the MediterraneanCyprus
90%
US States bordering the Gulf of MexicoAlabama
86%
River Plate Basin CountriesBrazil
86%
BRICS countriesBrazil
86%
US States bordering the Gulf of MexicoLouisiana
86%
US States bordering the Gulf of MexicoMississippi
86%
5 Largest Islands in the MediterraneanSardinia
86%
Countries bordering Spain (land borders)Morocco (via Ceuta & Melilla)
85%
5 Largest Islands in the MediterraneanCrete
84%
5 Largest Islands in the MediterraneanCorsica
83%
River Plate Basin CountriesArgentina
81%
BRICS countriesRussia
80%
River Plate Basin CountriesBolivia
79%
BRICS countriesChina
79%
BRICS countriesIndia
79%
River Plate Basin CountriesParaguay
79%
Countries bordering Spain (land borders)United Kingdom (via Gibraltar)
79%
River Plate Basin CountriesUruguay
79%
BRICS countriesSouth Africa
65%

Score Distribution

Percentile by Number Answered

Percent of People with Each Score

Your Score History

You have not taken this quiz